000
00322nam a22001337a 4500
008
170829b xxu||||| |||| 00| 0 eng d
020
_a
9780395962466
041
_a
eng
080
_2
4 ED
_a
39
100
_a
MED
101
_a
MED
245
_a
HUMAN RELATIONS PRINCIPLES AND PRACTICES
_c
BRANDT.R
942
_2
udc
_c
BK
999
_c
25420
_d
25420